| 000 | 00628nam a22002057a 4500 | ||
|---|---|---|---|
| 003 | OSt | ||
| 005 | 20260126084458.0 | ||
| 008 | 260126b |||||||| |||| 00| 0 eng d | ||
| 020 | _a971-23-3320-5 | ||
| 040 |
_aDWC-Main Lib. _cOC |
||
| 082 |
_22001 ed. _aGR. 363.2503 T884d 2001 |
||
| 100 | _aTubid, Proceso T. | ||
| 245 |
_aDictionary of forensic science terms/ _cProceso T. Tubid |
||
| 250 | _a2001 ed. | ||
| 260 |
_aManila : _bRex book store, _cc2001. |
||
| 300 |
_a54 p. ; _c23 cm. |
||
| 650 | _a1. Forensic sciences--Dictionaries. | ||
| 650 | _a2. Dictionaries. I. Title. | ||
| 942 |
_2ddc _cGR _e2001 ed. _hGR. _n0 |
||
| 999 |
_c7831 _d7831 |
||